| 000 | 01196cam a2200325 a 4500 | ||
|---|---|---|---|
| 001 | 3321 | ||
| 005 | 20240229095442.0 | ||
| 020 | _a9780805054798 | ||
| 040 |
_aDLC _cDLC _dDLC _beng |
||
| 050 | 0 | 0 |
_aPZ7.M3643 _b1987 |
| 082 | 0 | 0 | _a305.89 |
| 100 | 1 |
_aMartin, Bill _d1916-2004 |
|
| 245 | 1 | 0 |
_aKnots on a counting rope / _cby Bill Martin, Jr. and John Archambault ; illustrated by Ted Rand. |
| 250 | _aFirst Square Fish Edition : January 2012 | ||
| 260 |
_aNew York : _bHenry Holt and Company, _c1987 |
||
| 300 |
_a32 unnumbered pages : _bcolor illustrations ; _c21 cm . |
||
| 505 | _aM | ||
| 520 | _aA grandfather and his blind grandson, Boy-Strength-of-Blue-Horses, reminisce about the young boy's birth, his first horse, and an exciting horse race. | ||
| 521 |
_a550
_bLexile |
||
| 521 |
_aM
_bRaz-Plus |
||
| 650 | 1 |
_aIndians of North America _xFiction |
|
| 650 | 1 |
_aGrandfathers _xFiction |
|
| 650 | 1 |
_aBlind _xFiction. |
|
| 650 | 1 |
_aPeople with disabilities _vFiction. |
|
| 655 | 7 |
_aJuvenile literature _y1987. _2rbgenr |
|
| 700 | 1 | _aArchambault, John | |
| 700 | 1 |
_aRand, Ted, _eillustrators |
|
| 906 |
_a7 _bcbc _corignew _d1 _eocip _f19 _gy-gencatlg |
||
| 942 |
_2ddc _cBK _n0 |
||
| 999 |
_c3321 _d3321 |
||